000 00808nas a2200241 4500
001 BR7502882
003 BR-BrBNA
005 20231205082825.0
007 ta
008 230509b bl.|||p| |||| 00| 00por d
040 _aBR-BrBNA
_bpor
_cBiblioteca Nacional de Agricultura
041 _a(Pt)
072 _aL10
100 1 _aChaud Netto, J.
100 1 _aDuarte, F.A.M.
245 1 _aSex determination in bees, 5. The action of sexual genes in Apis mellifera (Hymenoptera Apidae)[abelha, melhoramento genetico animal, genetica animal]
650 _aMELHORAMENTO GENETICO ANIMAL
650 _aABELHA
650 _aGENETICA ANIMAL
773 0 _tCiencia e Cultura (Brazil)
_xISSN 0009-6725
_g(Feb 1975), v. 27(2) p. 125-129
_wBR7502882
909 _a202311
_bLúcia
_c55
_dLúcia Elande
942 _2AGRIS
_n0
_cANA
999 _c94451
_d94451